000 00778nam a2200289Ia 4500
003 OSt
005 20221006145944.0
006 a|||||r|||| 00| 0
007 ta
008 221006b |||||||| |||| 00| 0 eng d
020 _c¥2000
024 _a16,539
037 _cTextual
040 _aEASL
_cEASL
_beng
041 _2eng
_aeng
082 _aO42,3M67,1, L7
100 _aSOSEKI Natsume
_915316
245 0 _aSanshiro
_b A novel
260 _aTokyo
_bUniversity of Tokyo Press Japan
_c1977
300 _a248p.
_ccm.
490 _v JEL
650 _a JEL
650 _aJapanese Literature - Novel
_9655630
700 _a RUBIN Jay Tr.
_9647612
942 _hO42,3M67,1, L7
_cTEXL
_2CC
999 _c1084625
_d1084625